| 000 | 00564nam a22001931a 4500 | ||
|---|---|---|---|
| 001 | 11656 | ||
| 003 | OSt | ||
| 005 | 20260204212250.0 | ||
| 008 | 130502s2003||||ag ||||||b||||||||||spa|| | ||
| 020 | _a9508850469 | ||
| 050 | _aR 340.3 C111d | ||
| 100 | _aCabanellas Torres, Guillermo | ||
| 245 | _aDiccionario juridico elemental / Guillermo Cabanellas de torres | ||
| 250 | _a16ava ed actualizada, corregida y aumentada | ||
| 264 | _aArgentina : Heleasta | ||
| 300 | _a422 P | ||
| 650 | _aCiencias juridicas - Diccionarios 2.Derecho civilĂ | ||
| 942 |
_2ddc _cBK |
||
| 999 |
_c11656 _d11656 |
||